| 000 | 00855nam a2200253Ia 4500 | ||
|---|---|---|---|
| 003 | OSt | ||
| 005 | 20220925223534.0 | ||
| 006 | a|||||r|||| 00| 0 | ||
| 007 | ta | ||
| 008 | 220923b |||||||| |||| 00| 0 eng d | ||
| 020 |
_a9780415563130 _c845.75 |
||
| 037 |
_bRKBA\09-10\4233, 31/01/2011, RAJKIRAN BOOK AGENCY _cGeneral Book |
||
| 040 |
_aRTL _cRTL _beng |
||
| 041 |
_2eng _aeng |
||
| 082 | _aY5927:(V255, 41), Q0 | ||
| 100 |
_aPAI Sudha _9143970 |
||
| 245 | 0 |
_aDevelopmental state and the dalit question in Madhya Pradesh _b Congress response |
|
| 260 |
_aLondon _bRoutledge _c2010 |
||
| 300 |
_axvii, 537p _ccm. |
||
| 500 | _aBibliography: P 509-24 | ||
| 650 | _aEconomics | ||
| 942 |
_hY5927:(V255, 41), Q0 _cGB _2CC |
||
| 999 |
_c579839 _d579839 |
||